[Event "Canterbury op"]
[Site "Canterbury"]
[Date "2003.??.??"]
[Round "5.4"]
[White "Lukey, Stephen G"]
[Black "Lean, David"]
[Result "1-0"]
[WhiteElo "2222"]
[BlackElo "1900"]
[PlyCount "27"]
[EventDate "2003.10.25"]
[EventType "swiss"]
[EventRounds "6"]
[EventCountry "NZL"]
[SourceTitle "CBM 097 Extra"]
[Source "ChessBase"]
[SourceDate "2004.01.13"]
[SourceVersion "1"]
[SourceVersionDate "2004.01.13"]
[SourceQuality "1"]

1. d4 Nf6 2. c4 e6 3. Nf3 b6 4. a3 Bb7 5. Nc3 d5 6. cxd5 exd5 7. Bg5 Be7 8. e3 Ne4 9. Nxe4 dxe4 10. Bxe7 Qxe7 11. Ne5 f6 12. Qh5+ Kf8 13. Ng6+ hxg6 14. Qxh8+ 1-0